| 000 | 00921nam a2200265 a 4500 | ||
|---|---|---|---|
| 001 | BRL_1198 | ||
| 005 | 20190320211058.0 | ||
| 008 | 271113s1978----gw-a#####c---#000-0#ger-# | ||
| 020 | _a3805303858 | ||
| 041 | _ager | ||
| 044 | _ager | ||
| 050 | 4 |
_aDS69.A2 _b.S86 1978 |
|
| 245 | 1 | 0 |
_aSumer, Assur, Babylon _bSieben Jahrtausende Kunst und Kultur an Euphrat und Tigris _c[Redaktion, Eva Strommenger ; Autoren, Karin Adahl...[et al.] ; Übersetzungen, Yvette Mottier]. |
| 260 |
_aMainz/Rhein _bPhilipp von Zabern _c1978 |
||
| 300 |
_a228 p. _bil. (algunas a color) mapas _c23 cm. |
||
| 500 | _aAu1394 | ||
| 650 | 1 | 4 |
_aArte _vCatálogos _zIrak _926083 |
| 651 | 4 |
_aIrak _vCatálogos _xAntigüedades _926084 |
|
| 700 | 1 |
_aStrommenger, Eva _926085 |
|
| 700 | 1 |
_aAdahl, Karin _926086 |
|
| 700 | 1 |
_aMottier, Yvette _926087 |
|
| 710 | 2 |
_aMuseum für Vor-und Frühgeschichte (Berlín) _926088 |
|
| 902 | _aGRL | ||
| 942 |
_2lcc _cB |
||
| 999 |
_c10010 _d10010 |
||